Регионална библиотека "Любен Каравелов" - Русе

Сборник от образци за изучаването на старобългарския йезик по сичкото му развитие (Запис номер 58538)

MARC детайли
000 -Лидер
Контролно поле с фиксирана дължина 01733nam a2200349 c 4500
003 - Код на организацията, давaща контролен номер
Контролно поле BLK
005 - Дата и час на последна редакция
Контролно поле 20180422102203.0
008 - Елементи от данни с фиксирана дължина
fixed length control field 180408b bul|||||r ||||||| ||bul||
010 ## - Наследен системен номер
LC control number KNG00062583000
040 ## - Източник на каталожния запис
Идентификатор на билиотеката - собственик на записа BLK
041 ## - Код за език
Код за езика на текст/звукозапис или на отделно заглавие Български
Код за езика КДБФ Български
072 #7 - Код за тематичната категория
Код организация bullib
Код за тематична категория С
Текст Старопечатен фонд
080 ## - УДК
Текстов определител УДК Старобългарски език (ІХ-ХІ в. ). Църковнославянски език (богослужебен ез. на източноправославната църква - руска редакция на старобълг. ез.
УДК код - определител по УДК 811.163.1
УДК определител (075)
УДК - код + определител 811.163.1(075)
139 ## - Редно поле
Редна дума Момчилов, Иван Николов
Авторски знак Мом - М 84
245 10 - Сведения за заглавието
Заглавие Сборник от образци за изучаването на старобългарския йезик по сичкото му развитие
Подзаглавни данни Преведен и събран от Ив. Н. Момчилова
Редно поле (дума) състав. и прев. Иван Николов Момчилов.
250 ## - Област на изданието
Сведения за изданието 1. изд
257 ## - Страна на издаване
Страна на създаване/издаване България
260 ## - Област на издателските данни
-- Виена
Година на издаване 1865
Печатница Виена : В типографията на Л. Соммерова
300 ## - Физическа характеристика
Страници 153, [1] с.
Размери/Мащаб 20 см
380 ## - Жанр
Жанр Езикознание. Филология
500 ## - Общи забележки
Забележка На кор. : Издава тоже Ив. Н. Момчилов в Горня Оряховица
650 #4 - Допълнително описание по предмет – тема
Основно описание – тема или топоним Старобългарски език - граматика
9 (RLIN) 259074
653 ## - Ключова дума – ненормативна
Ключова дума старобългарски език
653 ## - Ключова дума – ненормативна
Ключова дума граматика
659 ## - Тематичен бюлетин
Тематичен бюлетин С
700 1# - Други автори (авторска отговорност)
Лично име Момчилов, Иван Николов
Автороска отговорност (Описва отношението между автора и произведението) състав. и прев.
9 (RLIN) 369678
852 ## - Местоположение
Форматна сигнатура Цб Ст 5323 * 775
856 4# - Електронен адрес и достъп
Електронен формат pdf - файл
Път до файла /url/
856 4# - Електронен адрес и достъп
Електронен формат pdf - файл
Път до файла /url/
942 ## - АРТИКУЛИ
Вид на библиотечния материал Книги
Скрит в OPAC Не
944 ## - СЪЗДАВАНЕ И РЕДАКЦИЯ на ЗАПИСА
Създаване/Редакция Създаване
Дата на регистрацията/редакция 11.08.2014
Служител, извършил регистрацията/редакцията Христина_Везирева
944 ## - СЪЗДАВАНЕ И РЕДАКЦИЯ на ЗАПИСА
Създаване/Редакция Редакция
Дата на регистрацията/редакция 11.08.2014
Служител, извършил регистрацията/редакцията
999 ## - СИСТЕМНИ КОНТРОЛНИ НОМЕРА
Koha biblionumber 58538
Koha biblioitemnumber 58538
Наличности
Код за отписване Код за изгубен артикул Източник на класификационната схема Код за повреда Коз за рестрикции Код за отдаване Артикулен № Име на библиотеката - собственик Име на библиотеката, в която се намира в момента Статус (Текущо местоположение) Дата на вписване в системата Местоположение - отдел Цена в лева Инвентарен номер Систематично азбучна сигнатура Баркод Номер на екземпляра Цена в евро Служебна бележка Служебен тип на артикула
  Не е изгубен Universal Decimal Classification Не е повреден само за читалня Специални фондове ( старопечатни, редки и ценни, фонд М. Арнаудов) 95500 Регионална библиотека "Любен Каравелов" Русе Регионална библиотека "Любен Каравелов" Русе Старопечатен фонд 1865-01-01 Старопечатен фонд 1.31 13724/58-ст Цб Ст 5323 * 775 900000000472 1 0.67 Дост: DA Вид: Сф Дата: 01.01.1865 Дата инв: 02.04.2018 Бележки инв: СТ2018 Книги
  Не е изгубен Universal Decimal Classification Не е повреден само за читалня Специални фондове ( старопечатни, редки и ценни, фонд М. Арнаудов) 95501 Регионална библиотека "Любен Каравелов" Русе Регионална библиотека "Любен Каравелов" Русе Старопечатен фонд 1865-01-01 Старопечатен фонд 1.31 13723/58-ст Цб Ст 5323 * 775 900000000471 2 0.67 Дост: DA Вид: Сф Дата: 01.01.1865 Дата инв: 02.04.2018 Бележки инв: СТ2018 Книги
  Не е изгубен Universal Decimal Classification Не е повреден само за читалня Специални фондове ( старопечатни, редки и ценни, фонд М. Арнаудов) 95502 Регионална библиотека "Любен Каравелов" Русе Регионална библиотека "Любен Каравелов" Русе Старопечатен фонд 1865-01-01 Старопечатен фонд 1.31 13722/58-ст Цб Ст 5323 * 775 900000000469 3 0.67 Дост: DA Вид: Сф Дата: 01.01.1865 Дата инв: 02.04.2018 Бележки инв: СТ2018 Книги
  Не е изгубен Universal Decimal Classification Не е повреден само за читалня Специални фондове ( старопечатни, редки и ценни, фонд М. Арнаудов) 95503 Регионална библиотека "Любен Каравелов" Русе Регионална библиотека "Любен Каравелов" Русе Старопечатен фонд 1865-01-01 Старопечатен фонд 0.00 455-ст Цб Ст 5323 * 775 900000000470 4 0.00 Дост: DA Вид: Сф Дата: 01.01.1865 Дата инв: 02.04.2018 Бележки инв: СТ2018 Книги
  Не е изгубен Universal Decimal Classification Не е повреден само за читалня Специални фондове ( старопечатни, редки и ценни, фонд М. Арнаудов) 95504 Регионална библиотека "Любен Каравелов" Русе Регионална библиотека "Любен Каравелов" Русе Старопечатен фонд 1865-01-01 Старопечатен фонд 0.00 456-ст Цб Ст 5323 * 775 900000000473 5 0.00 Дост: DA Вид: Сф Дата: 01.01.1865 Дата инв: 02.04.2018 Бележки инв: СТ2018 Книги
Vip Innovations Ltd, Rousse, Bulgaria 2025